LEADER 00714nam0 2200241 450 001 000004366 005 20081216093042.0 010 $a0-13-062121-8 100 $a20021126d2002----km-y0itay50------ba 101 0 $aeng 102 $aUS 200 1 $aDigital design$fM. Morris Mano 205 $a3. edition 210 $aUpper Saddle River$cPrentice Hall$d2002c 215 $aXII, 515 p.$cill.$d24 cm$eCD-ROM 610 1 $aCircuiti integrati digitali 676 $a621.381537$v21$9Circuiti di commutazione 700 1$aMano,$bMorris M.$044028 801 0$aIT$bUNIPARTHENOPE$gRICA$2UNIMARC 912 $a000004366 951 $cPIST$aP1 621-D/5$b35602$d20021128 996 $aDigital Design$9357471 997 $aUNIPARTHENOPE LEADER 02551nam 2200721Ia 450 001 9910154648203321 005 20200520144314.0 010 $a1-55458-157-5 035 $a(CKB)1000000000714126 035 $a(OCoLC)243574863 035 $a(CaPaEBR)ebrary10139229 035 $a(SSID)ssj0000278330 035 $a(PQKBManifestationID)11255521 035 $a(PQKBTitleCode)TC0000278330 035 $a(PQKBWorkID)10246100 035 $a(PQKB)11302073 035 $a(MiAaPQ)EBC3050262 035 $a(CaPaEBR)406029 035 $a(CaBNvSL)jme00326872 035 $a(MiAaPQ)EBC3246155 035 $a(OCoLC)613963701 035 $a(MdBmJHUP)muse58184 035 $a(PPN)249692945 035 $a(Au-PeEL)EBL3050262 035 $a(CaPaEBR)ebr10147228 035 $a(OCoLC)922950980 035 $a(EXLCZ)991000000000714126 100 $a19820629d1981 uy 0 101 0 $aeng 135 $aurcn||||||||| 181 $ctxt 182 $cc 183 $acr 200 00$aCrime and criminal justice in Europe and Canada$b[electronic resource] /$fessays by J.H. Baker ... [et al.] ; edited by Louis A. Knafla 210 $aWaterloo, Ont. $cPublished for Calgary Institute for the Humanities by Wilfrid Laurier University Press$dc1981 215 $a1 online resource (350 p.) 300 $aPapers presented at the Crime and Criminal Justice Workshop, held at the Calgary Institute for the Humanities, July 1979. 300 $a"Published for the Calgary Institute for the Humanities". 311 $a0-88920-098-X 311 $a0-88920-118-8 320 $aIncludes bibliographical references. 606 $aCriminal law$zCanada$vCongresses 606 $aCriminal justice, Administration of$zCanada$vCongresses 606 $aCriminal law$zEurope$vCongresses 606 $aCriminal justice, Administration of$zEurope$vCongresses 608 $aElectronic books. 615 0$aCriminal law 615 0$aCriminal justice, Administration of 615 0$aCriminal law 615 0$aCriminal justice, Administration of 676 $a345 676 $a342.5 701 $aBaker$b John H$g(John Hamilton)$0920660 701 $aKnafla$b Louis A.$f1935-$0695664 712 02$aCalgary Institute for the Humanities. 712 12$aCrime and Criminal Justice Workshop$f(1979 :$eCalgary, Alta.) 801 0$bMiAaPQ 801 1$bMiAaPQ 801 2$bMiAaPQ 906 $aBOOK 912 $a9910154648203321 996 $aCrime and criminal justice in Europe and Canada$92492212 997 $aUNINA